Tuzuk-i Bābarī. (Record no. 75502)

MARC details
000 -LEADER
fixed length control field 00603cam a22002411 4500
001 - CONTROL NUMBER
control field sa 67005858
003 - CONTROL NUMBER IDENTIFIER
control field DLC
005 - DATE AND TIME OF LATEST TRANSACTION
control field 20260227112401.0
008 - FIXED-LENGTH DATA ELEMENTS--GENERAL INFORMATION
fixed length control field 940609s1965 pk 000 0 urdo
010 ## - LIBRARY OF CONGRESS CONTROL NUMBER
LC control number sa 67005858
025 ## - OVERSEAS ACQUISITION NUMBER
Overseas acquisition number PL480:P-U-1397
035 ## - SYSTEM CONTROL NUMBER
System control number (OCoLC)30578876
040 ## - CATALOGING SOURCE
Original cataloging agency DLC
Transcribing agency CU
Modifying agency CU
-- DLC
042 ## - AUTHENTICATION CODE
Authentication code premarc
050 00 - LIBRARY OF CONGRESS CALL NUMBER
Classification number DS461.1
Item number .A219
100 0# - MAIN ENTRY--PERSONAL NAME
Personal name Babur,
Titles and words associated with a name Emperor of Hindustan,
Dates associated with a name 1483-1530.
245 10 - TITLE STATEMENT
Title Tuzuk-i Bābarī.
260 ## - PUBLICATION, DISTRIBUTION, ETC.
Date of publication, distribution, etc. [1965]
300 ## - PHYSICAL DESCRIPTION
Extent 289 p.
Dimensions 23 cm.
500 ## - GENERAL NOTE
General note In Urdu.
651 #0 - SUBJECT ADDED ENTRY--GEOGRAPHIC NAME
Geographic name Mogul Empire.
700 1# - ADDED ENTRY--PERSONAL NAME
Personal name Nadvī, Rashīd Ak̲h̲tar.

No items available.

Powered by Koha